Gepflegtes Deutsch Unterhaltsame Sprach-und Stillektionen für die Alltagspraxis

Guardado en:
Detalles Bibliográficos
Formato: Libro
Lenguaje:alemán
Publicado: Leipzig Bibliographisches Institut 1983
Etiquetas: Agregar Etiqueta
Sin Etiquetas, Sea el primero en etiquetar este registro!

MARC

LEADER 00000nam a2200000 4500
001 c115716
005 20260120090530.3
041 0 |a ger 
044 |a DE 
245 1 0 |a Gepflegtes Deutsch  |b Unterhaltsame Sprach-und Stillektionen für die Alltagspraxis  |c Helmut Ludwig 
264 1 |a Leipzig  |b Bibliographisches Institut  |c 1983 
300 |a 188 s.